Представление документа в формате RUSMARC

ПолеНазваниеЗначение
  Тип записи a
  Библиографический уровень m
001 Контрольный номер RU/REG73/CBS_GRAD/7937827e4b6446efbcb17c3b58f16ac6
005 Дата корректировки 20230906143415.7
100 Данные общей обработки __
a Данные общей обработки 20230906 ||| 0rusy0189 ca
101 Язык документа 0_
a Язык текста rus
102 Страна публикации __
a Страна публикации RU
461 Уровень набора _0
1 2001
v №32 (август)
a Завтра
1 2101
d 2023
1 001RU/REG73/CBS_GRAD/ef3c6341c2574dd58b57ad37f92da7b2
801 Источник записи _0
a Страна RU
b Организация RuCBSGrad
c Дата составления 20230906
g Правила каталогизации RCR
801 Источник записи _1
a Страна RU
b Организация RuCBSGrad
c Дата составления 20230906
g Правила каталогизации RCR
901 Тип документа __
t Тип документа h
w Контрольный № источника RU/REG73/CBS_GRAD/ef3c6341c2574dd58b57ad37f92da7b2